Niektoré aspekty využívania pracovných síl v krajinách RVHP

Bibliographic Details
Main Author: Kmeťková, Mária, 1940- (Author)
Format: Article
Language:Slovak
PhysicalDescription:Res. angl., rus.
Subjects:

MARC

LEADER 00000nab a2200000 a 4500
001 vtls000068616
003 SK-MaSNL
005 20260305020015.0
008 250423c1980 xo 0 slo
015 |a SNBRB19rr/mm-uuuuu 
035 |a CL0078716 
035 |a urn:nbn:sk:snk-ab6q9z 
035 |a (uuid)aa2d2359-2027-48b0-83c8-e948f64d064b 
035 |a (urnnbn)urn:nbn:sk:snk:ar-a057uz 
035 |a (sysno)vtls000068616 
040 |a SNKBUCL  |b slo  |c SNKBUCL  |e AACR2 
041 0 |a slo 
044 |a xo  |c SK 
080 |a 331.1  |2 1981 
080 |a 339.923  |2 1981 
080 |a 061.1(4-11)  |2 1981 
100 1 |a Kmeťková, Mária,  |d 1940-  |4 aut  |9 5456 
245 1 0 |a Niektoré aspekty využívania pracovných síl v krajinách RVHP  |c Mária Kmeťková 
300 |b Res. angl., rus. 
650 0 7 |a pracovná sila  |2 snkbucl  |9 2342 
650 0 7 |a Rada vzájomnej hospodárskej pomoci  |2 snkbucl  |9 920973 
650 0 7 |a socialistická ekonomická integrácia  |2 snkbucl  |9 54679 
655 7 |a články z novín a časopisov  |2 snkbucl  |9 267496 
773 0 |t Ekonomický časopis  |g Roč. 28, č. 6 (1980), s. 556-562 
850 |a Slovenská národná knižnica 
852 |a Slovenská národná knižnica 
954 |a odborná, vedecká literatúra pôvodná (slovenská)  |2 lita 
958 |a article27 
958 |a RK 
958 |a OND 
958 |a EUIPO 
992 |a RBX 
999 |c 3278285  |d 3280215